| 000 | 00781nam a2200253 a 4500 | ||
|---|---|---|---|
| 008 | |||
| 020 | _a0521787335 (pbk.) | ||
| 049 | _aMAIN | ||
| 090 |
_aQL75 _bCON |
||
| 245 | 0 | 0 |
_aConservation of exploited species / _cedited by John D. Reynolds... [et al.] |
| 260 |
_aCambridge : _bCambridge University Press, _c2001. |
||
| 300 |
_axx, 524 p. : _bill., maps ; _c24 cm. |
||
| 440 |
_aConservation biology ; _v6. |
||
| 504 | _aIncludes bibliographical references. | ||
| 500 | _aIncludes index. | ||
| 650 | 0 | _aEndangered species. | |
| 650 | 0 | _aWildlife conservation. | |
| 700 | 1 | _aReynolds, John D. | |
| 907 |
_a.b10131620 _b19-02-13 _c28-07-04 |
||
| 003 | |||
| 005 | 20230123133801.0 | ||
| 040 | _cNUST | ||
| 942 |
_cBOOKS _kQL75 _mCON |
||
| 999 |
_c154581 _d154581 |
||